| 000 | 00912na a2200265 4500 | ||
|---|---|---|---|
| 001 | 15314 | ||
| 003 | MIRAKIL | ||
| 005 | 20181213154919.0 | ||
| 008 | 160907b tu 000 0 | ||
| 020 | _a9751800498 | ||
| 035 | _a15314 | ||
| 040 |
_aMilas _btur _cTR-AnCHP |
||
| 082 |
_a956.211 _bP45i |
||
| 090 | _a956.211 P45i 2001 | ||
| 100 |
_aPınar, İlhan _d1958 - |
||
| 245 |
_aHacılar, seyyahlar, misyonerler ve İzmir _bYabancıların gözüyle Osmanlı döneminde İzmir: 1608 -1918 |
||
| 246 | _aYabancıların gözüyle Osmanlı döneminde İzmir: 1608 -1918 | ||
| 260 |
_aİzmir _bİzmir Büyükşehir Belediyesi Kültür Yayını _c2001 |
||
| 300 |
_axııı, 382 s. _bres. ; fotg. _c30 sm. |
||
| 490 |
_aİzmir Büyükşehir Belediyesi Kent Kitaplığı dizisi _v11 |
||
| 504 | _aKaynakça var. | ||
| 650 |
_aGezi ve tanıtım _xTarih _zİzmir |
||
| 651 |
_aİzmir _xTarih |
||
| 942 |
_2ddc _cBKS |
||
| 999 |
_c3082 _d3082 |
||